LEADER 03403nam a2200505 i 4500 001 991000984429707536 005 20040322124244.0 008 010903s1615 it ||| | lat 035 $ab12700071-39ule_inst 035 $aocm00000007$9ExL 040 $aBiblioteca Interfacoltà$bita 100 1 $aClemens$c$0177310 240 00$aCorpus iuris canonici. Liber sextus Bonifacii VIII$953788 245 10$aLiber sextus Decretalium D. Bonifacii papae VIII. Clementis papae V. Constitutiones, Extrauagantes tum viginti D. Ioannis papae XXII. tum communes :$bHaec omnia cum suis glossis suae integritati restituta, & ad exemplar Romanum diligenter recognita. Et nunc recens illustratae nouis iuriscon. celeberrimorum additionibus 260 $aVenetiis :$bapud Iuntas,$c1615 269 $aVenezia :$bGiunta,$c1615 300 $a3 pt. ([8], 592; 243, [9]; [4], 162 [i.e. 262, 34] p.) :$bill. ;$c4? (26 cm) 500 $aPt. II: "Clementinae Constitutiones suae integritati una cum glossis restitutae / Et nunc recens illustratae nouis additionibus D. Prosperi Carauitae ..." 500 $aPt. III: "Extrauagantes tum viginti D. Ioannis papae XX. tum communes suae integritati una cum glossis restitutae / Et nunc recens illustratae nouis additionibus D. Prosperi Carauitae ..." 500 $aSegnatura: [c.]4 A-Z8 Aa-Oo8; A-O8 P12 Q4; [c.]2 A-Q8 R4 S-T8 500 $aL'ultima c. della pt. 3 erroneamente numerata 162; front. della pt. 1. stampato in rosso e nero, testo su due colonne, capilettera, fregi, car. rom. e cors. 510 $aSBN-ICCU 001290 700 1 $aBonifacius$c 700 0 $aIoannes$c 700 1 $aCaravita, Prospero$d<1550fl.> 907 $a.b12700071$b02-04-14$c23-03-04 912 $a991000984429707536 945 $aLE002 1600-n.43[01]$cLegato con: Additiones super decreto / D. Andreae Alciati patritii Mediolanensis .... - Legato con: Marcelli Francolini ... Auctoritatum, quae in Gratiani Decreto passim citantur ... index tripartitus. - Sul front. si legge ms.: Ex libris D. Vincentii[...] Tricasii; tagli colorati di rosso. - Esemplare parzialmente digitalizzato$g1$iLE002A-42223/1$lle002$o-$pE0.00$q-$rn$so $t0$u0$v0$w0$x0$y.i13216685$z23-03-04 962 $a000:001:JPEG:b1270007:001161:0:0:0:0:0:0$tFrontespizio (c. [1r])$vy 962 $a000:001:JPEG:b1270007:001162:0:0:0:0:0:0$tc. A1r$vy 962 $a000:001:JPEG:b1270007:001163:0:0:0:0:0:0$tFrontespizio (c. A1r)$vy 962 $a000:001:JPEG:b1270007:001164:0:0:0:0:0:0$tc. P8r$vy 962 $a000:001:JPEG:b1270007:001165:0:0:0:0:0:0$tFrontespizio (c. Q1r)$vy 962 $a000:001:JPEG:b1270007:001166:0:0:0:0:0:0$tc. Q3r$vy 962 $a000:001:JPEG:b1270007:001167:0:0:0:0:0:0$tc. [1r]$vy 962 $a000:001:JPEG:b1270007:001168:0:0:0:0:0:0$tc. A1r$vy 962 $a000:001:JPEG:b1270007:001169:0:0:0:0:0:0$tc. T8r$vy 962 $a000:001:JPEG:b1270007:001170:0:0:0:0:0:0$tFrontespizio (c. A1r)$vy 962 $a000:001:JPEG:b1270007:001171:0:0:0:0:0:0$tc. A2r$vy 962 $a000:001:JPEG:b1270007:001172:0:0:0:0:0:0$tFrontespizio (c. A1r)$vy 962 $a000:001:JPEG:b1270007:001173:0:0:0:0:0:0$tc. A2r$vy 962 $a000:001:JPEG:b1270007:001174:0:0:0:0:0:0$tc. A3r$vy 996 $aCorpus iuris canonici. Liber sextus Bonifacii VIII$953788 997 $aUNISALENTO 998 $ale002$b23-03-04$cm$da $eo$flat$git $h0$i1 LEADER 01490nam 2200385z- 450 001 9910694126903321 005 20130601094419.0 035 $a(CKB)5860000000021167 035 $a(BIP)013970794 035 $a(EXLCZ)995860000000021167 100 $a20220406c2006uuuu -u- - 101 0 $aeng 200 10$aDisasters and the Department of Homeland Security $ewhere do we go from here? : hearing before the Committee on Transportation and Infrastructure, House of Representatives, One Hundred Ninth Congress, second session, February 16, 2006 215 $a1 online resource (iii, 104 p.) $cill 311 $a0-16-077811-5 517 $aDisasters and the Department of Homeland Security 606 $aDisaster relief$zUnited States$xEvaluation 606 $aEmergency management$zUnited States$xEvaluation 606 $aHurricane Katrina, 2005 610 $aUnited States 610 $aDisaster relief 610 $aEmergency management 610 $aHurricane katrina, 2005 610 $aPolitical science 610 $aSocial science 610 $aTechnology & engineering 610 $aNature 615 0$aDisaster relief$xEvaluation. 615 0$aEmergency management$xEvaluation. 615 0$aHurricane Katrina, 2005. 712 02$aUnited States, Congress House Committee on Transportation and Infrastructure Staff,$4oth 906 $aBOOK 912 $a9910694126903321 996 $aDisasters and the Department of Homeland Security$93131368 997 $aUNINA